00276nam a2200121Ia 4500100002300000250000600023654001200029245005100041260002500092082001700117300000800134546001200142 aNicholas /John .M  a2 aproject aProject Management for Business and Technology bPHIaNew Delhic2002 a658.404bNIC a603 aENGLISH